Do predajní už na jar 2019 úspech protikliešťového vlákna na Agrokomplexe

Podrobná bibliografia
Hlavní autori: Potočná, Eva (Autor), Mlynarčík, Ladislav (Autor)
Médium: Článok
Jazyk:slovenčina
Fyzický popis:Fotografie
ISSN:1339-8679
Predmet:

MARC

LEADER 00000nab a2200000 4500
001 vtls011826349
003 SK-MaSNL
005 20260304112606.0
008 181129 2018 xo m n 000 0 slo
015 |a SNBRB2018/11 
038 |a PPPK 
040 |a PPPKCL  |b slo  |e rda 
041 |a slo 
043 |a e-xo--- 
044 |a xo  |c SK 
072 7 |a 338.3/.4  |x Hospodárske a výrobné odvetvia  |2 konspekt 
080 |a 338.45  |x (437.6)  |2 2011 
080 |a 677.4  |2 2011 
100 1 |a Potočná, Eva  |4 aut  |9 324088 
245 1 0 |a Do predajní už na jar 2019  |b úspech protikliešťového vlákna na Agrokomplexe  |c Eva Potočná ; Foto: Ladislav Mlynarčík 
300 |b Fotografie 
336 |a text  |b txt  |2 rdacontent 
337 |a bez média  |b n  |2 rdamedia 
338 |a zväzok  |b nc  |2 rdacarrier 
610 2 7 |a Chemosvit Fibrochem (Svit, Slovensko)  |2 pppkcl  |9 699203 
610 2 7 |a Slovenská akadémia vied.  |b Parazitologický ústav  |2 pppkcl  |9 169397 
611 2 7 |a Agrokomplex  |n (45. :  |d 2018 :  |c Nitra, Slovensko)  |2 pppkcl  |9 1414630 
650 0 7 |a priemysel  |2 pppkcl  |9 1618 
650 0 7 |a priemyselné podniky  |2 pppkcl  |9 2346 
650 0 7 |a Zlatý kosák (ocenenie)  |2 pppkcl  |9 1414631 
650 0 7 |a chemické vlákna  |2 pppkcl  |9 51347 
651 7 |a Svit (Slovensko)  |2 pppkcl  |9 29648 
651 7 |a Poprad (Slovensko : okres)  |2 pppkcl  |9 28675 
700 1 |a Mlynarčík, Ladislav  |4 aut  |9 1234968 
773 0 |t Chemosvit  |g Roč. 44, č. 9 (2018), s. 1 a 3  |x 1339-8679 
852 |a PPPK  |b KIS3GCP 
999 |c 2866439  |d 2868369